| 000 | 00653nam a2200229 a 4500 | ||
|---|---|---|---|
| 001 | 15267 | ||
| 003 | CO-ViMGA | ||
| 008 | 141112s2004 ck r 000 u spa d | ||
| 020 | _a9586901688 | ||
| 040 |
_aCO-ViMGA _bspa _cCO-ViMGA |
||
| 082 | 0 | 4 | _a362.29 C656e |
| 100 | 1 |
_aRuiz Salazar, Jose Armando _922168 |
|
| 245 | 1 | 0 | _aEstatuto de estupefacientes |
| 260 |
_aBogotá, _cLeyer, _c2002 |
||
| 300 | _a280.p. | ||
| 490 | _aColección codigos Brevis | ||
| 505 | _aLey 30 de 1986 | ||
| 650 | 1 | 4 |
_aCONTROL DE DROGAS _922169 |
| 650 | 1 | 4 |
_aESTUPEFACIENTES - LEGISLACION _922170 |
| 650 | 1 | 4 |
_aNARCOTRAFICO - LEGISLACION - COLOMBIA _922171 |
| 942 |
_2ddc _cBK |
||
| 999 |
_c25630 _d25630 |
||